| 000 | 00833nam a2200205Ia 4500 | ||
|---|---|---|---|
| 003 | OSt | ||
| 005 | 20240322092404.0 | ||
| 008 | 210210b2003 xxu||||| |||| 00| 0 eng d | ||
| 040 | _cAL | ||
| 041 | _aKannada | ||
| 082 | _aK894.8 MALS | ||
| 100 |
_aMALINI MALYA (B), Ed. _993015 _dಮಾಲಿನಿ ಮಲ್ಯ (ಬಿ) |
||
| 245 |
_aShivarama Karantara sahitya shreni: samputa 18 kadambari 17; dharmarayana samsara;mujanma _bಶಿವರಾಮ ಕಾರಂತ ಸಾಹಿತ್ಯ ಶ್ರೇಣಿ : ಸಂಪುಟ ೧೮ , ಕಾದಂಬರಿ ೧೭ ;ಧರ್ಮರಾಯನ ಸಾಮರಸ್ಯ, ಮೂಜನ್ಮ |
||
| 260 |
_aBengaluru. _bKannada Mattu Samskrathi Nirdeshanalaya., _c2003 |
||
| 300 | _ax,450 | ||
| 440 |
_a18 _993016 |
||
| 690 |
_aKannada Collections _993017 |
||
| 906 | _a060173 | ||
| 942 |
_2ddc _cBK |
||
| 999 |
_c107137 _d107137 |
||